000 00561nam a2200181Ia 4500
008 100921s9999 xx 000 0 und d
082 _b19926
_a891.463 थ 86
100 _aकुलकर्णी विनायक.
245 _aझाकोळ.
260 _bआरती प्रकाशन, डोंबिवली.
_c1986
300 _a176
_b---
365 _b40
520 _aललित-कादंबरी.
630 _aझाकोळ.
650 _aललित-कादंबरी.
730 _aझाकोळ.
942 _cBOOK
999 _c769039
_d769036